Handbook of discrete and computational geometry (Record no. 706)

MARC details
000 -LEADER
fixed length control field 00510 a2200181 4500
001 - CONTROL NUMBER
control field 066691
003 - CONTROL NUMBER IDENTIFIER
control field OSt
005 - DATE AND TIME OF LATEST TRANSACTION
control field 20211006110704.0
008 - FIXED-LENGTH DATA ELEMENTS--GENERAL INFORMATION
fixed length control field
082 ## - DEWEY DECIMAL CLASSIFICATION NUMBER
Classification number 516.13
Item number H19H
245 1# - TITLE STATEMENT
Title Handbook of discrete and computational geometry
Statement of responsibility, etc edited by Jacob E. Goodman
250 ## - EDITION STATEMENT
Edition statement 2nd ed.
260 ## - PUBLICATION, DISTRIBUTION, ETC. (IMPRINT)
Place of publication, distribution, etc New York
Name of publisher, distributor, etc CRC Press
Date of publication, distribution, etc 2004
300 ## - PHYSICAL DESCRIPTION
Extent 1539p.
690 ## - LOCAL SUBJECT ADDED ENTRY--TOPICAL TERM (OCLC, RLIN)
Topical term or geographic name as entry element Combinatorial geometry; Geometry--Data processing
700 ## - ADDED ENTRY--PERSONAL NAME
Personal name Goodman, Jacob E.
Relator term Editor
942 ## - ADDED ENTRY ELEMENTS (KOHA)
Source of classification or shelving scheme Dewey Decimal Classification
Koha item type Books
Holdings
Withdrawn status Lost status Source of classification or shelving scheme Damaged status Not for loan Collection code Home library Current library Date acquired Source of acquisition Cost, normal purchase price Full call number Barcode Date last seen Price effective from Koha item type
    Dewey Decimal Classification     General Text Book Central University Of Rajasthan Central University Of Rajasthan 07/03/2012 MTH 6019.00 516.13 H19H 977 21/11/2024 02/09/2020 Books